000 00627cab a2200241 4500
001 X993
008 090401t1993 xxu||||| |||| 00| 0 eng d
035 _a(Sirsi) u68551
041 _aeng
100 _aAshkenazi, V.
245 _aResevoir deformation monitoring by GPS satallites
260 _c1993
350 _a0
490 _aSurveying World
_v1(6) September 1993, 6-7(2)
650 _aDEFORMATION MONITORING
650 _aGPS
650 _aRESERVOIRS
650 _aSATELLITES
690 _aMANAGEMENT-BUSINESS MANAGEMENT-INFORMATION MANAGEMENT
700 _aLowe. D.,
942 _n0
948 _c04/03/1997
999 _c43008
_d43008